000 00610cam a22002173a 4500
001 45496
003 PGUSA
005 20140828084043.0
008 140426s2014||||xxu|||||s|||||000 | eng d
040 _aPGUSA
_beng
042 _adc
100 1 _aRennie, James
245 1 0 _aInsect Architecture
_h[electronic resource] /
_cJames Rennie
260 _bProject Gutenberg,
_c2014
506 _aPublic domain in the USA.
516 _aElectronic text
700 1 _aWood, J. G.
_q(John George),
_d1827-1889
830 0 _aProject Gutenberg
_v45496
856 4 0 _uhttp://www.gutenberg.org/ebooks/45496
942 _cEB
999 _c274747
_d274747